[Event "blitmenteam"]
[Site "?"]
[Date "2016.10.07"]
[Round "2.13"]
[White "Gabrielian, Artur"]
[Black "Fedoseev, Vladimir"]
[Result "0-1"]
[LiveChessVersion "1.4.4"]
[BlackElo "2702"]
[WhiteElo "2573"]

1. e4 {[%clk 0:03:03]} e6 {[%clk 0:03:00]} 2. d4 {[%clk 0:03:03]} d5
{[%clk 0:03:01]} 3. Bd3 {[%clk 0:03:03]} a6 {[%clk 0:02:56]} 4. Nf3
{[%clk 0:03:03]} dxe4 {[%clk 0:02:55]} 5. Bxe4 {[%clk 0:03:04]} Nf6
{[%clk 0:02:56]} 6. Bd3 {[%clk 0:03:05]} c5 {[%clk 0:02:57]} 7. c3
{[%clk 0:02:50]} Nc6 {[%clk 0:02:57]} 8. O-O {[%clk 0:02:50]} cxd4
{[%clk 0:02:58]} 9. cxd4 {[%clk 0:02:51]} Be7 {[%clk 0:02:57]} 10. Nc3
{[%clk 0:02:52]} O-O {[%clk 0:02:57]} 11. a3 {[%clk 0:02:50]} b5 {[%clk 0:02:48]}
12. Re1 {[%clk 0:02:51]} Bb7 {[%clk 0:02:45]} 13. Bg5 {[%clk 0:02:34]} Nd5
{[%clk 0:02:45]} 14. Bxe7 {[%clk 0:02:13]} Ncxe7 {[%clk 0:02:46]} 15. Ne5
{[%clk 0:02:04]} Nf6 {[%clk 0:02:31]} 16. Re3 {[%clk 0:02:00]} Ng6
{[%clk 0:02:30]} 17. Bc2 {[%clk 0:01:29]} Rc8 {[%clk 0:02:17]} 18. Rc1
{[%clk 0:01:23]} Nd5 {[%clk 0:01:50]} 19. Rg3 {[%clk 0:01:02]} Ndf4
{[%clk 0:01:27]} 20. Nxg6 {[%clk 0:00:47]} fxg6 {[%clk 0:01:16]} 21. Qd2
{[%clk 0:00:45]} e5 {[%clk 0:01:13]} 22. Bb3+ {[%clk 0:00:44]} Kh8
{[%clk 0:01:14]} 23. d5 {[%clk 0:00:34]} a5 {[%clk 0:00:49]} 24. Rd1
{[%clk 0:00:34]} b4 {[%clk 0:00:47]} 25. axb4 {[%clk 0:00:35]} axb4
{[%clk 0:00:48]} 26. Na2 {[%clk 0:00:25]} Ba6 {[%clk 0:00:44]} 27. Re1
{[%clk 0:00:14]} Bc4 {[%clk 0:00:28]} 28. Bxc4 Rxc4 {[%clk 0:00:29]} 29. Nxb4
{[%clk 0:00:11]} Qa5 {[%clk 0:00:24]} 30. Rb3 {[%clk 0:00:12]} h6
{[%clk 0:00:19]} 31. d6 {[%clk 0:00:14]} Qa4 {[%clk 0:00:15]} 32. d7
{[%clk 0:00:05]} Rd8 {[%clk 0:00:14]} 33. Qd1 {[%clk 0:00:03]} Rxd7
{[%clk 0:00:14]} 34. Qxd7 Qxd7 {[%clk 0:00:15]} 0-1

[Event "blitmenteam"]
[Site "?"]
[Date "2016.10.07"]
[Round "2.14"]
[White "Chigaev, Maksim"]
[Black "Musalov, Ruslan"]
[Result "1-0"]
[LiveChessVersion "1.4.4"]
[BlackElo "2359"]
[WhiteElo "2563"]

1. e4 {[%clk 0:03:01]} e5 {[%clk 0:03:03]} 2. Nf3 {[%clk 0:03:02]} Nc6
{[%clk 0:03:04]} 3. Bc4 {[%clk 0:03:03]} Nf6 {[%clk 0:02:52]} 4. d3
{[%clk 0:03:04]} h6 {[%clk 0:02:42]} 5. c3 {[%clk 0:03:02]} Be7 {[%clk 0:02:36]}
6. O-O {[%clk 0:03:02]} O-O {[%clk 0:02:37]} 7. Re1 {[%clk 0:03:02]} d6
{[%clk 0:02:32]} 8. a4 {[%clk 0:02:59]} Nh7 {[%clk 0:02:19]} 9. a5
{[%clk 0:02:35]} a6 {[%clk 0:02:10]} 10. d4 {[%clk 0:02:36]} Ng5 {[%clk 0:02:11]}
11. Nbd2 {[%clk 0:02:20]} Bf6 {[%clk 0:02:03]} 12. d5 {[%clk 0:02:12]} Ne7
{[%clk 0:01:58]} 13. Nf1 {[%clk 0:01:47]} Ng6 {[%clk 0:01:34]} 14. Bxg5
{[%clk 0:01:44]} Bxg5 {[%clk 0:01:34]} 15. Ng3 {[%clk 0:01:33]} Bg4
{[%clk 0:01:28]} 16. h3 {[%clk 0:01:30]} Bd7 {[%clk 0:01:27]} 17. Nxg5
{[%clk 0:01:18]} Qxg5 {[%clk 0:01:26]} 18. Qh5 {[%clk 0:01:18]} Nf4
{[%clk 0:01:02]} 19. Qxg5 hxg5 {[%clk 0:01:03]} 20. b4 {[%clk 0:01:15]} g6
{[%clk 0:00:51]} 21. Reb1 {[%clk 0:01:14]} Ra7 {[%clk 0:00:46]} 22. f3
{[%clk 0:00:44]} Kg7 {[%clk 0:00:35]} 23. Bf1 {[%clk 0:00:35]} Kf6
{[%clk 0:00:32]} 24. c4 {[%clk 0:00:36]} Ke7 {[%clk 0:00:32]} 25. c5
{[%clk 0:00:36]} Bb5 {[%clk 0:00:25]} 26. Rc1 {[%clk 0:00:26]} Kd7
{[%clk 0:00:24]} 27. Ra3 {[%clk 0:00:21]} Bxf1 28. Kxf1 {[%clk 0:00:23]} Raa8
{[%clk 0:00:17]} 29. Rac3 {[%clk 0:00:22]} Rac8 {[%clk 0:00:16]} 30. Ne2
{[%clk 0:00:06]} Nxe2 31. Kxe2 {[%clk 0:00:07]} f5 {[%clk 0:00:16]} 32. c6+
{[%clk 0:00:05]} bxc6 33. Rxc6 fxe4 {[%clk 0:00:07]} 34. fxe4 {[%clk 0:00:07]}
Rf4 {[%clk 0:00:05]} 35. R1c4 {[%clk 0:00:09]} g4 {[%clk 0:00:06]} 36. Rxa6
{[%clk 0:00:05]} g3 {[%clk 0:00:07]} 37. Rac6 {[%clk 0:00:05]} Rf2+
{[%clk 0:00:09]} 38. Ke3 Rxg2 39. b5 {[%clk 0:00:07]} Ra2 {[%clk 0:00:07]} 40. b6
{[%clk 0:00:06]} g2 {[%clk 0:00:07]} 41. Rc1 cxb6 42. Rxc8 {[%clk 0:00:06]} 1-0

[Event "blitmenteam"]
[Site "?"]
[Date "2016.10.07"]
[Round "2.15"]
[White "Nazaretyan, Tigran"]
[Black "Yuffa, Daniil"]
[Result "0-1"]
[LiveChessVersion "1.4.4"]
[BlackElo "2460"]
[WhiteElo "2359"]

1. d4 {[%clk 0:03:03]} Nf6 {[%clk 0:03:03]} 2. c4 {[%clk 0:03:02]} c5
{[%clk 0:03:03]} 3. d5 {[%clk 0:03:03]} g6 {[%clk 0:03:04]} 4. Nc3
{[%clk 0:03:04]} Bg7 {[%clk 0:03:06]} 5. e4 {[%clk 0:03:05]} O-O {[%clk 0:03:06]}
6. Nf3 {[%clk 0:03:05]} e6 {[%clk 0:03:07]} 7. Bd3 {[%clk 0:02:58]} exd5
{[%clk 0:03:06]} 8. cxd5 {[%clk 0:02:57]} d6 {[%clk 0:03:07]} 9. O-O
{[%clk 0:02:54]} Bg4 {[%clk 0:03:05]} 10. Bf4 {[%clk 0:02:53]} Nh5
{[%clk 0:02:59]} 11. Be3 {[%clk 0:02:51]} Nd7 {[%clk 0:02:58]} 12. Be2
{[%clk 0:02:50]} a6 {[%clk 0:02:51]} 13. a4 {[%clk 0:02:49]} Re8 {[%clk 0:02:52]}
14. Nd2 {[%clk 0:02:50]} Bxe2 {[%clk 0:02:51]} 15. Qxe2 {[%clk 0:02:51]} Rb8
{[%clk 0:02:44]} 16. a5 {[%clk 0:02:50]} Ne5 {[%clk 0:02:34]} 17. f4
{[%clk 0:02:46]} Nd7 {[%clk 0:02:35]} 18. Qd3 {[%clk 0:02:32]} f5
{[%clk 0:02:25]} 19. Nc4 {[%clk 0:02:32]} Bxc3 {[%clk 0:01:58]} 20. Qxc3
{[%clk 0:02:30]} Ndf6 {[%clk 0:01:57]} 21. exf5 {[%clk 0:02:19]} gxf5
{[%clk 0:01:53]} 22. Nb6 {[%clk 0:02:14]} Qe7 {[%clk 0:01:44]} 23. Rfe1
{[%clk 0:02:09]} Ne4 {[%clk 0:01:41]} 24. Qc4 {[%clk 0:02:07]} Qh4
{[%clk 0:01:36]} 25. Rf1 {[%clk 0:01:48]} Re7 {[%clk 0:01:26]} 26. b4
{[%clk 0:01:40]} cxb4 {[%clk 0:01:14]} 27. Qxb4 {[%clk 0:01:37]} Rg7
{[%clk 0:01:13]} 28. Ra2 {[%clk 0:01:39]} Re8 {[%clk 0:00:59]} 29. Nc4
{[%clk 0:01:34]} Nhf6 {[%clk 0:00:44]} 30. Qb3 {[%clk 0:01:13]} Ng4
{[%clk 0:00:35]} 31. h3 {[%clk 0:12:43]} Ngf6 {[%clk 0:00:32]} 32. Bd4
{[%clk 0:01:11]} Rg3 {[%clk 0:00:32]} 33. Rf3 {[%clk 0:01:06]} Nh5
{[%clk 0:00:27]} 34. Qxb7 {[%clk 0:00:58]} Rxf3 {[%clk 0:00:22]} 35. gxf3
{[%clk 0:00:59]} Qe1+ {[%clk 0:00:21]} 36. Kh2 {[%clk 0:00:58]} Qg3+
{[%clk 0:00:21]} 37. Kh1 {[%clk 0:00:58]} Qxh3+ {[%clk 0:00:16]} 38. Kg1
{[%clk 0:00:59]} Neg3 {[%clk 0:00:17]} 39. Ne3 {[%clk 0:00:29]} Rxe3
{[%clk 0:00:10]} 40. Qc8+ {[%clk 0:00:27]} Kf7 {[%clk 0:00:11]} 41. Bxe3
{[%clk 0:00:18]} Qh1+ {[%clk 0:00:11]} 0-1

[Event "blitmenteam"]
[Site "?"]
[Date "2016.10.07"]
[Round "2.16"]
[White "Lugovskoy, Maxim"]
[Black "Tenikashvili, Georgij"]
[Result "1-0"]
[LiveChessVersion "1.4.4"]
[BlackElo "2230"]
[WhiteElo "2427"]

1. d4 {[%clk 0:03:03]} d5 {[%clk 0:03:03]} 2. Nc3 {[%clk 0:03:05]} c6
{[%clk 0:03:04]} 3. Bf4 {[%clk 0:03:06]} Bf5 {[%clk 0:03:03]} 4. f3
{[%clk 0:03:07]} Bg6 {[%clk 0:02:55]} 5. e3 {[%clk 0:03:05]} Nf6 {[%clk 0:02:42]}
6. g4 {[%clk 0:03:07]} e6 {[%clk 0:02:42]} 7. h4 {[%clk 0:03:08]} h5
{[%clk 0:02:43]} 8. g5 {[%clk 0:03:10]} Nfd7 9. Bd3 Bxd3 {[%clk 0:02:32]} 10.
cxd3 {[%clk 0:03:04]} g6 {[%clk 0:02:18]} 11. Nge2 {[%clk 0:03:04]} Nb6
{[%clk 0:02:11]} 12. e4 {[%clk 0:03:05]} Bd6 13. Bxd6 {[%clk 0:03:05]} Qxd6
{[%clk 0:02:11]} 14. e5 {[%clk 0:03:06]} Qe7 {[%clk 0:01:50]} 15. O-O O-O
{[%clk 0:01:49]} 16. f4 {[%clk 0:03:08]} Kg7 {[%clk 0:01:47]} 17. Ng3
{[%clk 0:03:09]} Qb4 {[%clk 0:01:24]} 18. Nce2 {[%clk 0:03:07]} Rh8
{[%clk 0:01:00]} 19. a3 {[%clk 0:03:08]} Qe7 {[%clk 0:00:59]} 20. f5
{[%clk 0:03:00]} exf5 21. Nf4 Qd7 {[%clk 0:00:30]} 22. Nfxh5+ {[%clk 0:02:38]}
gxh5 {[%clk 0:00:31]} 23. Nxf5+ {[%clk 0:02:39]} Kg8 {[%clk 0:00:21]} 24. Kh2
{[%clk 0:01:59]} Qe6 {[%clk 0:00:21]} 25. Nh6+ {[%clk 0:01:56]} Rxh6
{[%clk 0:00:21]} 26. gxh6 {[%clk 0:01:57]} N8d7 {[%clk 0:00:13]} 27. Qxh5 Rf8 28.
Rf6 {[%clk 0:01:23]} Nxf6 {[%clk 0:00:06]} 29. Qg5+ {[%clk 0:01:24]} 1-0

[Event "blitmenteam"]
[Site "?"]
[Date "2016.10.07"]
[Round "2.17"]
[White "Alekseev, Evgeny"]
[Black "Kurbedinov, Ramis"]
[Result "1-0"]
[LiveChessVersion "1.4.4"]
[BlackElo "2263"]
[WhiteElo "2662"]

1. e4 {[%clk 0:03:03]} e5 {[%clk 0:03:04]} 2. Nf3 {[%clk 0:03:03]} Nc6
{[%clk 0:03:05]} 3. Bc4 {[%clk 0:03:04]} Nf6 {[%clk 0:03:06]} 4. d3
{[%clk 0:03:06]} Be7 {[%clk 0:03:07]} 5. O-O {[%clk 0:03:04]} d6 {[%clk 0:03:08]}
6. c3 {[%clk 0:03:00]} O-O {[%clk 0:03:06]} 7. Bb3 {[%clk 0:03:00]} h6
{[%clk 0:03:02]} 8. h3 {[%clk 0:02:48]} Be6 {[%clk 0:03:03]} 9. Bc2
{[%clk 0:02:41]} d5 {[%clk 0:03:00]} 10. Be3 {[%clk 0:02:36]} dxe4
{[%clk 0:02:51]} 11. dxe4 {[%clk 0:02:37]} Qxd1 12. Rxd1 {[%clk 0:02:38]} Rfd8
{[%clk 0:02:45]} 13. Nbd2 {[%clk 0:02:38]} Nh5 {[%clk 0:02:35]} 14. b4
{[%clk 0:02:31]} a6 {[%clk 0:02:33]} 15. a4 {[%clk 0:02:26]} Nf4 {[%clk 0:02:28]}
16. Kf1 {[%clk 0:02:04]} f6 {[%clk 0:02:27]} 17. Bb3 {[%clk 0:01:51]} Kf7
{[%clk 0:02:09]} 18. Bxf4 {[%clk 0:01:22]} exf4 {[%clk 0:02:10]} 19. b5
{[%clk 0:01:20]} axb5 {[%clk 0:01:58]} 20. axb5 {[%clk 0:01:21]} Ne5
{[%clk 0:01:36]} 21. Bxe6+ {[%clk 0:01:08]} Kxe6 {[%clk 0:01:36]} 22. Nd4+
{[%clk 0:01:08]} Kf7 {[%clk 0:01:37]} 23. Ke2 {[%clk 0:01:06]} Bc5
{[%clk 0:01:20]} 24. N2f3 {[%clk 0:00:42]} Nxf3 {[%clk 0:01:02]} 25. Kxf3
{[%clk 0:00:41]} Rxa1 {[%clk 0:00:55]} 26. Rxa1 {[%clk 0:00:43]} Bxd4
{[%clk 0:00:53]} 27. cxd4 Rxd4 {[%clk 0:00:52]} 28. Ra7 {[%clk 0:00:45]} Rb4
{[%clk 0:00:17]} 29. Rxb7 {[%clk 0:00:45]} Kg6 30. Kxf4 {[%clk 0:00:44]} Rb2
{[%clk 0:00:09]} 31. Kg3 {[%clk 0:00:44]} h5 {[%clk 0:00:03]} 32. h4
{[%clk 0:00:45]} Kh6 33. Kf3 {[%clk 0:00:36]} Rb3+ {[%clk 0:00:04]} 34. Kf4
{[%clk 0:00:36]} Kg6 {[%clk 0:00:04]} 35. f3 {[%clk 0:00:33]} Rb2
{[%clk 0:00:05]} 36. g4 hxg4 {[%clk 0:00:06]} 37. Kxg4 {[%clk 0:00:24]} Rg2+
{[%clk 0:00:06]} 38. Kf4 {[%clk 0:00:22]} Rb2 {[%clk 0:00:07]} 39. Kg3
{[%clk 0:00:13]} Rb1 {[%clk 0:00:08]} 40. f4 {[%clk 0:00:11]} Rg1+
{[%clk 0:00:08]} 41. Kf2 {[%clk 0:00:12]} Rb1 {[%clk 0:00:09]} 42. Ke3
{[%clk 0:00:12]} Rb3+ {[%clk 0:00:09]} 43. Kd4 {[%clk 0:00:13]} Rb1
{[%clk 0:00:07]} 44. Kd5 {[%clk 0:00:12]} Kh5 {[%clk 0:00:08]} 45. e5
{[%clk 0:00:13]} fxe5 {[%clk 0:00:08]} 46. fxe5 {[%clk 0:00:14]} Kxh4
{[%clk 0:00:10]} 47. e6 {[%clk 0:00:15]} g5 {[%clk 0:00:09]} 48. e7
{[%clk 0:00:16]} Rd1+ {[%clk 0:00:09]} 49. Kc6 {[%clk 0:00:15]} Re1
{[%clk 0:00:09]} 50. Rxc7 {[%clk 0:00:15]} g4 {[%clk 0:00:11]} 51. Kd7
{[%clk 0:00:15]} Rd1+ {[%clk 0:00:10]} 52. Kc8 {[%clk 0:00:16]} Re1
{[%clk 0:00:10]} 53. Kd8 {[%clk 0:00:17]} 1-0

[Event "blitmenteam"]
[Site "?"]
[Date "2016.10.07"]
[Round "2.18"]
[White "Iljin, Timofey"]
[Black "Romanov, Evgeny"]
[Result "0-1"]
[LiveChessVersion "1.4.4"]
[BlackElo "2518"]
[WhiteElo "2398"]

1. d4 {[%clk 0:03:03]} Nf6 {[%clk 0:03:03]} 2. c4 {[%clk 0:03:05]} e6
{[%clk 0:03:05]} 3. Nc3 {[%clk 0:03:06]} Bb4 {[%clk 0:03:06]} 4. e3
{[%clk 0:03:08]} O-O {[%clk 0:03:06]} 5. a3 {[%clk 0:03:09]} Bxc3+
{[%clk 0:03:06]} 6. bxc3 {[%clk 0:03:11]} d6 {[%clk 0:03:03]} 7. Bd3
{[%clk 0:03:11]} e5 {[%clk 0:03:03]} 8. Ne2 {[%clk 0:03:12]} Nc6 {[%clk 0:03:01]}
9. e4 {[%clk 0:03:11]} Ne8 {[%clk 0:02:58]} 10. O-O {[%clk 0:03:10]} b6
{[%clk 0:02:58]} 11. f4 {[%clk 0:03:08]} Ba6 {[%clk 0:02:54]} 12. Be3
{[%clk 0:02:59]} Na5 {[%clk 0:02:41]} 13. Ng3 {[%clk 0:02:19]} Bxc4
{[%clk 0:02:34]} 14. Nf5 {[%clk 0:02:13]} Bxd3 {[%clk 0:02:09]} 15. Qxd3
{[%clk 0:02:14]} f6 {[%clk 0:01:59]} 16. Ra2 {[%clk 0:02:12]} Kh8
{[%clk 0:00:59]} 17. g4 {[%clk 0:02:01]} Qd7 {[%clk 0:00:49]} 18. Rg2
{[%clk 0:02:00]} Rd8 {[%clk 0:00:29]} 19. g5 {[%clk 0:01:31]} fxg5
{[%clk 0:00:28]} 20. Rxg5 {[%clk 0:01:31]} g6 {[%clk 0:00:21]} 21. Ng3
{[%clk 0:01:02]} exf4 {[%clk 0:00:18]} 22. Bxf4 {[%clk 0:00:53]} Ng7
{[%clk 0:00:19]} 23. d5 {[%clk 0:00:41]} Rf7 {[%clk 0:00:18]} 24. e5
{[%clk 0:00:26]} dxe5 {[%clk 0:00:18]} 25. Bxe5 {[%clk 0:00:25]} Rdf8
{[%clk 0:00:13]} 26. Rxf7 Qxf7 {[%clk 0:00:13]} 27. Qd4 {[%clk 0:00:06]} Kg8
{[%clk 0:00:12]} 28. Rg4 {[%clk 0:00:04]} Nb7 {[%clk 0:00:13]} 29. Rf4
{[%clk 0:00:05]} Qe7 {[%clk 0:00:13]} 30. Bf6 {[%clk 0:00:05]} Qc5
{[%clk 0:00:11]} 31. Be5 {[%clk 0:00:04]} Rxf4 {[%clk 0:00:11]} 32. Bxf4
{[%clk 0:00:04]} Qxd4+ {[%clk 0:00:12]} 33. cxd4 {[%clk 0:00:06]} Nd6
{[%clk 0:00:12]} 34. Ne2 {[%clk 0:00:06]} Nge8 {[%clk 0:00:12]} 35. Nc3
{[%clk 0:00:07]} Kf7 36. Kf2 Nf5 {[%clk 0:00:13]} 37. Be5 {[%clk 0:00:09]} Ned6
{[%clk 0:00:13]} 38. Kf3 {[%clk 0:00:10]} a6 {[%clk 0:00:14]} 39. Kf4
{[%clk 0:00:12]} h6 {[%clk 0:00:15]} 40. a4 {[%clk 0:00:08]} g5+ {[%clk 0:00:15]}
41. Kg4 {[%clk 0:00:09]} Kg6 {[%clk 0:00:16]} 42. Kf3 {[%clk 0:00:10]} h5
{[%clk 0:00:17]} 43. h3 {[%clk 0:00:11]} Nh4+ {[%clk 0:00:13]} 44. Kg3
{[%clk 0:00:10]} Nhf5+ 45. Kf3 b5 {[%clk 0:00:15]} 46. axb5 {[%clk 0:00:12]} axb5
{[%clk 0:00:16]} 47. Na2 {[%clk 0:00:11]} Ne7 {[%clk 0:00:16]} 48. Nb4
{[%clk 0:00:09]} Kf5 {[%clk 0:00:17]} 49. Ke3 {[%clk 0:00:05]} Nc4+
{[%clk 0:00:16]} 50. Kf3 {[%clk 0:00:04]} Nxe5+ {[%clk 0:00:17]} 51. dxe5 Kxe5
{[%clk 0:00:17]} 52. Nd3+ {[%clk 0:00:06]} Kxd5 53. Ke3 Nf5+ 54. Kf3 c5
{[%clk 0:00:19]} 55. Nf2 {[%clk 0:00:10]} b4 56. Ke2 Kd4 {[%clk 0:00:20]} 57. Kd2
{[%clk 0:00:12]} c4 {[%clk 0:00:20]} 58. Nd1 {[%clk 0:00:14]} g4 {[%clk 0:00:20]}
59. hxg4 {[%clk 0:00:15]} hxg4 60. Nf2 {[%clk 0:00:17]} g3 61. Nh3 b3
{[%clk 0:00:23]} 62. Ng5 {[%clk 0:00:20]} c3+ 63. Kd1 Kd3 {[%clk 0:00:23]} 64.
Nf3 {[%clk 0:00:23]} b2 {[%clk 0:00:20]} 65. Ne1+ {[%clk 0:00:24]} Ke3
{[%clk 0:00:21]} 66. Kc2 {[%clk 0:00:25]} Nd4+ {[%clk 0:00:21]} 67. Kb1
{[%clk 0:00:25]} Kf2 {[%clk 0:00:20]} 68. Nd3+ {[%clk 0:00:26]} Kf1
{[%clk 0:00:20]} 69. Nf4 {[%clk 0:00:27]} g2 {[%clk 0:00:21]} 70. Nh3
{[%clk 0:00:28]} g1=Q {[%clk 0:00:20]} 71. Nxg1 {[%clk 0:00:29]} Kxg1 72. Ka2 Kf2
{[%clk 0:00:22]} 73. Kb1 {[%clk 0:00:33]} Ke3 74. Ka2 Kd3 {[%clk 0:00:24]} 75.
Kb1 {[%clk 0:00:36]} Nf3 {[%clk 0:00:25]} 76. Ka2 {[%clk 0:00:37]} Nd2 77. Ka3
b1=Q 78. Ka4 c2 {[%clk 0:00:24]} 79. Ka3 {[%clk 0:00:42]} c1=R 80. Ka4 Rc8
{[%clk 0:00:23]} 81. Ka3 {[%clk 0:00:45]} Ra8# {[%clk 0:00:23]} 82. Kb4 0-1

[Event "blitmenteam"]
[Site "?"]
[Date "2016.10.07"]
[Round "2.19"]
[White "Levin, Evgeny A."]
[Black "Derjabin, Ilja"]
[Result "1-0"]
[LiveChessVersion "1.4.4"]
[BlackElo "2400"]
[WhiteElo "2480"]

1. d4 {[%clk 0:03:02]} Nf6 {[%clk 0:03:03]} 2. c4 {[%clk 0:03:03]} d6
{[%clk 0:03:04]} 3. Nf3 {[%clk 0:03:03]} Bf5 {[%clk 0:03:05]} 4. Nc3
{[%clk 0:03:03]} g6 {[%clk 0:03:03]} 5. Nh4 {[%clk 0:03:03]} Bd7 {[%clk 0:03:01]}
6. e4 {[%clk 0:03:04]} Bg7 {[%clk 0:03:02]} 7. Be2 {[%clk 0:03:04]} O-O
{[%clk 0:03:02]} 8. O-O {[%clk 0:03:04]} e5 {[%clk 0:03:04]} 9. Nf3
{[%clk 0:03:02]} Re8 {[%clk 0:03:04]} 10. d5 {[%clk 0:02:59]} Bg4
{[%clk 0:03:03]} 11. Ne1 {[%clk 0:02:58]} Bxe2 {[%clk 0:03:03]} 12. Qxe2
{[%clk 0:02:59]} Nbd7 {[%clk 0:03:00]} 13. Nd3 {[%clk 0:02:59]} Nh5
{[%clk 0:02:53]} 14. g3 {[%clk 0:02:53]} Qe7 {[%clk 0:02:47]} 15. Be3
{[%clk 0:02:52]} Rf8 {[%clk 0:02:42]} 16. Rac1 {[%clk 0:02:46]} a6
{[%clk 0:02:39]} 17. b4 {[%clk 0:02:47]} Bf6 {[%clk 0:02:24]} 18. Qd2
{[%clk 0:02:31]} Bg7 {[%clk 0:02:21]} 19. Qe2 {[%clk 0:02:20]} Bf6
{[%clk 0:02:22]} 20. Qg4 {[%clk 0:02:16]} Bg7 {[%clk 0:02:20]} 21. c5
{[%clk 0:02:12]} 1-0

[Event "blitmenteam"]
[Site "?"]
[Date "2016.10.07"]
[Round "2.20"]
[White "Papenin, Nikolai"]
[Black "Usmanov, Vasily"]
[Result "1-0"]
[LiveChessVersion "1.4.4"]
[BlackElo "2396"]
[WhiteElo "2334"]

1. d4 {[%clk 0:03:03]} Nf6 {[%clk 0:03:03]} 2. c4 e6 3. Nc3 {[%clk 0:03:05]} Bb4
{[%clk 0:03:03]} 4. g3 {[%clk 0:03:06]} Ne4 {[%clk 0:02:53]} 5. Qd3
{[%clk 0:02:52]} d5 {[%clk 0:02:48]} 6. Bg2 {[%clk 0:02:47]} Nxc3
{[%clk 0:02:38]} 7. bxc3 {[%clk 0:02:47]} Be7 {[%clk 0:02:39]} 8. Nf3
{[%clk 0:02:26]} O-O {[%clk 0:02:38]} 9. cxd5 {[%clk 0:02:18]} exd5
{[%clk 0:02:39]} 10. c4 {[%clk 0:02:17]} Bb4+ {[%clk 0:02:16]} 11. Bd2
{[%clk 0:02:18]} dxc4 {[%clk 0:02:17]} 12. Qxc4 {[%clk 0:02:18]} Bxd2+
{[%clk 0:02:17]} 13. Nxd2 {[%clk 0:02:19]} c6 {[%clk 0:02:17]} 14. O-O
{[%clk 0:02:15]} Re8 {[%clk 0:02:17]} 15. e3 {[%clk 0:02:15]} Nd7
{[%clk 0:02:17]} 16. a4 {[%clk 0:02:12]} Nf6 {[%clk 0:02:14]} 17. a5
{[%clk 0:02:09]} Be6 {[%clk 0:02:11]} 18. Qb4 {[%clk 0:02:03]} Qe7
{[%clk 0:01:51]} 19. Qxe7 Rxe7 {[%clk 0:01:52]} 20. a6 {[%clk 0:02:01]} Bd5
{[%clk 0:01:51]} 21. e4 {[%clk 0:01:45]} Be6 {[%clk 0:01:38]} 22. Rfc1
{[%clk 0:01:26]} Rd8 {[%clk 0:01:29]} 23. e5 {[%clk 0:01:13]} Nd5
{[%clk 0:01:22]} 24. axb7 {[%clk 0:01:07]} Rxb7 {[%clk 0:01:22]} 25. Rxc6
{[%clk 0:01:07]} Rb4 {[%clk 0:01:04]} 26. Nf3 {[%clk 0:01:03]} Ne7
{[%clk 0:00:50]} 27. Rd6 {[%clk 0:00:48]} Rxd6 {[%clk 0:00:46]} 28. exd6
{[%clk 0:00:49]} Nf5 {[%clk 0:00:46]} 29. d5 {[%clk 0:00:35]} Bc8
{[%clk 0:00:34]} 30. d7 {[%clk 0:00:24]} Bxd7 {[%clk 0:00:33]} 31. Ne5
{[%clk 0:00:25]} Ra4 {[%clk 0:00:21]} 32. Rc1 {[%clk 0:00:24]} Be8
{[%clk 0:00:20]} 33. Rc8 {[%clk 0:00:20]} Ra1+ {[%clk 0:00:20]} 34. Bf1
{[%clk 0:00:22]} Kf8 {[%clk 0:00:17]} 35. Kg2 {[%clk 0:00:23]} Nd6
{[%clk 0:00:16]} 36. Rb8 {[%clk 0:00:24]} f6 {[%clk 0:00:09]} 37. Nc6
{[%clk 0:00:20]} a5 {[%clk 0:00:10]} 38. Rd8 {[%clk 0:00:19]} Nf7
{[%clk 0:00:08]} 39. Ra8 {[%clk 0:00:20]} a4 {[%clk 0:00:08]} 40. Bb5
{[%clk 0:00:20]} a3 {[%clk 0:00:06]} 41. Nd4 {[%clk 0:00:12]} Nd6
{[%clk 0:00:07]} 42. Ne6+ {[%clk 0:00:10]} Ke7 {[%clk 0:00:08]} 43. Ra7+
{[%clk 0:00:11]} Nb7 {[%clk 0:00:05]} 44. Rxb7+ Kd6 45. Bxe8 {[%clk 0:00:13]} a2
{[%clk 0:00:08]} 46. Ra7 {[%clk 0:00:13]} Kxd5 {[%clk 0:00:09]} 47. Nf4+
{[%clk 0:00:15]} Ke5 {[%clk 0:00:10]} 48. Bf7 {[%clk 0:00:16]} g5
{[%clk 0:00:11]} 49. Rxa2 {[%clk 0:00:16]} Rxa2 {[%clk 0:00:12]} 50. Bxa2
{[%clk 0:00:17]} gxf4 {[%clk 0:00:13]} 51. g4 {[%clk 0:00:18]} f5
{[%clk 0:00:10]} 52. g5 {[%clk 0:00:18]} Ke4 {[%clk 0:00:08]} 53. Bb1+
{[%clk 0:00:19]} Ke5 {[%clk 0:00:09]} 54. Kf3 {[%clk 0:00:21]} Ke6
{[%clk 0:00:10]} 55. h4 {[%clk 0:00:22]} Kf7 {[%clk 0:00:12]} 56. Kxf4
{[%clk 0:00:23]} Kg6 {[%clk 0:00:13]} 57. Bxf5+ {[%clk 0:00:23]} Kh5
{[%clk 0:00:15]} 58. Bxh7 {[%clk 0:00:23]} Kxh4 {[%clk 0:00:16]} 59. g6
{[%clk 0:00:24]} Kh5 {[%clk 0:00:17]} 60. Kf5 {[%clk 0:00:25]} Kh6
{[%clk 0:00:19]} 61. Kf6 {[%clk 0:00:26]} Kh5 {[%clk 0:00:21]} 62. g7
{[%clk 0:00:28]} Kh6 {[%clk 0:00:22]} 63. g8=Q {[%clk 0:00:27]} 1-0

[Event "blitmenteam"]
[Site "?"]
[Date "2016.10.07"]
[Round "3.2"]
[White "Bocharov, Dmitry"]
[Black "Morozevich, Alexander"]
[Result "1-0"]
[LiveChessVersion "1.4.4"]
[BlackElo "2669"]
[WhiteElo "2660"]

1. d4 {[%clk 0:03:01]} d5 {[%clk 0:03:02]} 2. c4 {[%clk 0:03:02]} e5
{[%clk 0:02:58]} 3. dxe5 {[%clk 0:02:54]} d4 {[%clk 0:02:59]} 4. Nf3
{[%clk 0:02:53]} Nc6 {[%clk 0:03:00]} 5. a3 {[%clk 0:02:42]} Nge7
{[%clk 0:03:01]} 6. e3 {[%clk 0:02:22]} Nf5 {[%clk 0:03:01]} 7. exd4
{[%clk 0:01:56]} Nfxd4 {[%clk 0:03:01]} 8. Nxd4 {[%clk 0:01:05]} Qxd4
{[%clk 0:03:02]} 9. Nc3 {[%clk 0:01:01]} Be6 {[%clk 0:02:26]} 10. Be3
{[%clk 0:00:53]} Qxe5 {[%clk 0:02:27]} 11. Be2 {[%clk 0:00:50]} Rd8
{[%clk 0:02:20]} 12. Qa4 {[%clk 0:00:33]} a6 {[%clk 0:02:01]} 13. O-O
{[%clk 0:00:26]} Bd6 {[%clk 0:02:02]} 14. g3 {[%clk 0:00:26]} O-O
{[%clk 0:02:03]} 15. Rad1 {[%clk 0:00:25]} Bc5 {[%clk 0:01:47]} 16. Bf4
{[%clk 0:00:08]} Qf5 {[%clk 0:01:39]} 17. Nd5 {[%clk 0:00:05]} Rd7
{[%clk 0:01:05]} 18. Be3 {[%clk 0:00:04]} Bxe3 {[%clk 0:00:50]} 19. Nxe3
{[%clk 0:00:05]} Qe5 {[%clk 0:00:51]} 20. Rxd7 {[%clk 0:00:04]} Bxd7
{[%clk 0:00:52]} 21. Rd1 {[%clk 0:00:04]} Be6 {[%clk 0:00:38]} 22. Bf3
{[%clk 0:00:04]} Nd4 {[%clk 0:00:17]} 23. Bxb7 {[%clk 0:00:04]} Ne2+
{[%clk 0:00:18]} 24. Kg2 {[%clk 0:00:05]} Qxb2 {[%clk 0:00:19]} 25. Qxa6
{[%clk 0:00:04]} Nc3 {[%clk 0:00:09]} 26. Rf1 {[%clk 0:00:04]} h5
{[%clk 0:00:09]} 27. h4 {[%clk 0:00:05]} g6 {[%clk 0:00:06]} 28. Bf3
{[%clk 0:00:06]} Qb3 {[%clk 0:00:04]} 29. Qa5 {[%clk 0:00:06]} Rb8
{[%clk 0:00:04]} 30. Qxc7 {[%clk 0:00:06]} Re8 {[%clk 0:00:05]} 31. Nd5
{[%clk 0:00:07]} Nxd5 {[%clk 0:00:05]} 32. cxd5 {[%clk 0:00:08]} Bh3+ 33. Kxh3
Qxf3 {[%clk 0:00:08]} 34. d6 {[%clk 0:00:08]} Qd3 {[%clk 0:00:06]} 35. Kg2
{[%clk 0:00:09]} Qd5+ {[%clk 0:00:07]} 36. Kg1 {[%clk 0:00:11]} Re2
{[%clk 0:00:03]} 37. d7 Rd2 38. a4 {[%clk 0:00:11]} Qxd7 {[%clk 0:00:06]} 39.
Qxd7 {[%clk 0:00:13]} Rxd7 {[%clk 0:00:07]} 40. Ra1 {[%clk 0:00:14]} Ra7
{[%clk 0:00:08]} 41. a5 f6 {[%clk 0:00:12]} 42. a6 {[%clk 0:00:17]} 1-0